000 00565nam a22001697a 4500
999 _c11310
_d11310
008 181116b ||||| |||| 00| 0 eng d
020 _a978-971-23-8251-2
082 _22017
_aDFil 345.599
_bR330
100 _aReyes, Luis B.
_932544
245 _aThe revised penal code:
_bcriminal law (Book 1) articles 1-113 /
_cLuis B. Reyes
250 _aNineteenth Edition
260 _aManila:
_bRex Book Store,
_c©2017.
300 _axxx, 971 pages;
_billustrations:
_c23 cm.
650 _aCriminal law -- Philippines
_931519
365 _b1,760.00
_cPhp.
942 _2ddc
_cDFIL